| 000 -LEADER |
| fixed length control field |
00377nam a22001217a 4500 |
| 008 - FIXED-LENGTH DATA ELEMENTS--GENERAL INFORMATION |
| fixed length control field |
180604b xxu||||| |||| 00| 0 eng d |
| 041 ## - LANGUAGE CODE |
| Language code of text/sound track or separate title |
eng |
| 080 ## - UNIVERSAL DECIMAL CLASSIFICATION NUMBER |
| Universal Decimal Classification number |
043.3 |
| 100 ## - Rafti |
| Rafti |
0 |
| 101 ## - Shkurtesa |
| Shkurtesa |
MBE-MTH |
| 245 ## - TITLE STATEMENT |
| Title |
"Investments from foreign financial institutions during the period 2000-2008 and their impact in the job creation by SMEs in Kosovo" |
| Statement of responsibility, etc |
Vezgishi,A |
| 942 ## - ADDED ENTRY ELEMENTS (KOHA) |
| Source of classification or shelving scheme |
|
| Item type |
Books |